1408 1334 1112 1968 1455 1974 1519 1105 1819 1787 1730 1231 1457 1549 1762 1612 1295 1703 1961 1282 1776 1926 1019 1819 1584 1601 1355 1208 1074 1975 1632 1005 1532 1334 1379 1907 1873 1449 1863 1732 1874 1761 1165 1040 1726 1075 1602 1284 1791 1626 1235 1325 1364 1001 1042 1674 1066 1144 1404 1472 1201 1486 1630 1938 1389 1590 1095 1733 1690 1688 1468 1647 1798 1767 1977 1330 1787 1982 1587 1837 1481 1600 1342 1037 1068 1763 1087 1071 1201 1086 1077 1357 1233 1280 1256 1797 1543 1314 1731 BCNSPRNW ULIB Ver.6.0+V

เปลี่ยนเป็นภาษาไทย

Change to English
 แสดงรายละเอียดบรรณานุกรม
  กลับหน้าหลัก

Brief Record : Get Marc (ISO 2709) : E-mail record : QR code < ปิดหน้าต่าง
LEADER : 00000nam 2200000uu 4500
001    13399108395
003     ULIB
008    110302s2552||||th 000 0 tha d
020    9789742913153(ล.1)
060 04 WY100^bพ361น ล.1 2552
245 00 แนวคิดพื้นฐานและหลักการพยาบาล^nเล่ม 1 /^cบรรณาธิการ,อภิญญา เพียรพิจารณ์
250    พิมพ์ครั้งที่ 9
260    นนทบุรี :^bโครงการสวัสดิการวิชาการ สถาบันพระบรมราชชนก,^c2552
300    [20], 369 หน้า :^bภาพประกอบ ;^c26 ซม.
650  7 การพยาบาล
650  7 การพยาบาลเบื้องต้น
700 0  อภิญญา เพียรพิจารณ์,^eบรรณาธิการ
710 2  สถาบันพระบรมราชชนก. ^bโครงการสวัสดิการวิชาการ
945    ^p190^l0^i028217
945    ^p190^l0^i028215
945    ^p190^l0^i028214
945    ^p190^l0^i028213
945    ^p190^l0^i028212
945    ^p190^l0^i028216
945    ^p190^l0^i028211
995    ทศพร
999 ^a ใช้งานได้ทุกระบบ
รายการนี้ยังไม่มีแท็ก
คุณยังไม่ได้ล็อกอิน คุณสามารถมีกิจกรรมร่วมกับเว็บไซต์ได้ แต่ต้องล็อกอินก่อน ::
  ล็อกอิน

รายการสื่อสารสนเทศ

ลำดับที่ ประเภท เลขเรียก/บาร์โค้ด สถานที่ สถานะ
- ไม่พบข้อมูล -

รายการใกล้เคียง
    หัวเรื่อง [การพยาบาล]
    หัวเรื่อง [การพยาบาลเบื้องต้น]

BibComment


ยังไม่เคยถูกคอมเมนท์

คอมเมนท์ทรัพยากรรายการนี้
  คอมเมนท์: แนวคิดพื้นฐานและห..


 Copyright 2026. Bcnsprnw @Library